000 00746nam a2200253 a 4500
001 BRCA_5847
005 20190320205234.0
008 150311s1894----sp-a######---#000-0#spa-#
041 _aspa
044 _asp
050 4 _aTS545
_b.A74 1894
100 1 _aArfe, D. J. de
_914808
245 1 0 _aManual para construir toda especie de relojes de sol
_cpor D. J. de Arfe.
250 _a3
260 _aBarcelona
_bSauri y Sabater
_c1894
300 _a62 p.
_bil., 28 grabados
_c23 cm.
440 0 _aBiblioteca del comercio y de las artes industriales
_v6
_914809
500 _aEstado físico: Hojas desprendidas
500 _aG43
650 1 4 _aRelojes de sol
_914810
650 1 4 _aRelojes
_xFabricación
_914811
902 _aGFM
942 _2lcc
_cB
999 _c5536
_d5536